| 000 | 00000nas 2200000zi 4500 |
| 001 | 9.501800 |
| 003 | CaOODSP |
| 005 | 20240812150326 |
| 006 | m o d f |
| 007 | cr ||||||||||| |
| 008 | 150406c20019999onc x p o f0 b0fre|d |
| 022 | |a1928-4896 |
| 040 | |aCaOODSP|bfre|erda|cCaOODSP |
| 043 | |an-cn--- |
| 086 | 1 |aFo122-1F-PDF |
| 245 | 00|aNouvelles express. |
| 264 | 1|aSault Ste. Marie, Ontario : |bRessources naturelles Canada, Service canadien des forêts = Natural Resources Canada, Canadian Forest Service, |c[2001]- |
| 310 | |aIrrégulier |
| 336 | |atexte|btxt|2rdacontent/fre |
| 337 | |ainformatique|bc|2rdamedia/fre |
| 338 | |aressource en ligne|bcr|2rdacarrier/fre |
| 362 | 1 |aParaît depuis : bulletin 1 (2001). |
| 500 | |aChaque livraison comporte un titre distinct. |
| 500 | |aPublié aussi en anglais sous le titre : Frontline express. |
| 550 | |aPublie par le Centre de foresterie des Grands Lacs. |
| 588 | |aDescription d'après : bulletin 1 (2001). |
| 588 | |aDernière livraison consultée : bulletin 85 (2019). |
| 650 | 6|aForêts|zCanada|vPériodiques. |
| 710 | 2 |aCentre de foresterie des Grands Lacs. |
| 775 | 08|tFrontline express. |w(CaOODSP)9.505401 |
| 776 | 0#|tNouvelles express / |w(CaOODSP)9.514094 |